000 01074nam a2200229Ia 4500
003 OSt
005 20260608124307.0
008 160316s2011 xxu||||| |||| 00| 0 eng d
020 _a9788175347328 (hbk.)
040 _cNLS
082 _a343.096 MAH
100 _aMahanty Samareshwar
245 _aMaritime jurisdiction and admiralty law in India :
_bIncluding comprehensive on maritime-liens, maritime torts, injury, damages, claims, charter-parties, mortgages /
_cSamareshwar Mahanty
260 _aNew Delhi :
_bUniversal Law Publishing Co.Pvt.Ltd.,
_c2011.
300 _av, 278 p. :
_c25 cm
365 _b Rs. 550
505 _aCHAPTER I : NATURE OF ADMIRALTY LAW; CHAPTER II : HISTORY OF ADMIRALTY LAW; CHAPTER III : CONTENT AND SCOPE OF ADMIRALTY JURISDICTION; CHAPTER IV: MARITIME CLAIMS AND LIMITATION OF LIABILITY; CHAPTER V: ADMIRALTY LAW AND THE CONSTITUTION; CHAPTER VI: MARITIME SAFETY AND ANTI-PIRACY ACTIONS.
650 _aLimitation of liability- maritime safety,
650 _aMaritime Law
700 _a
_a
942 _2ddc
_cBK
999 _c29838
_d29838